000 00476nam a2200169Ia 4500
999 _c7101
_d7101
003 OSt
005 20200123104148.0
008 190216s9999||||xx |||||||||||||| ||und||
040 _coclc
082 _a658.3
_bRAO/H
100 _aRao, P Subba
_9797
245 0 _aHuman Resource Management /
_cP Subba Rao
250 _a1st ed.
260 _bHimalaya Publishing House,
_aMumbai:
_c2004.
300 _a226p
942 _cBK
_2ddc
_h658.3
_iRAO/H
_k658.3
_mRAO/H